Measures for the economic development of under-developed countries; (Record no. 10185)
[ view plain ]
| 000 -LEADER | |
|---|---|
| fixed length control field | 00934cam a22002531 4500 |
| 001 - CONTROL NUMBER | |
| JCCL Control Number | 10185 |
| 003 - CONTROL NUMBER IDENTIFIER | |
| JCCL marc code | BD-JhCC |
| 005 - DATE AND TIME OF LATEST TRANSACTION | |
| control field | 20180419091631.0 |
| 008 - FIXED-LENGTH DATA ELEMENTS--GENERAL INFORMATION | |
| fixed length control field | 180417s1951 nyu 000 0 eng |
| 035 ## - SYSTEM CONTROL NUMBER | |
| system control number | (OCoLC)475374 |
| -- | (BD-JhCC)10185 |
| 040 ## - CATALOGING SOURCE | |
| Original cataloging agency | DLC |
| Transcribing agency | OTU |
| Modifying agency | NcRS |
| -- | OCoLC |
| -- | DLC |
| -- | BD-JhCC |
| 041 ## - LANGUAGE CODE | |
| Language code of Book | eng |
| 050 00 - LIBRARY OF CONGRESS CALL NUMBER | |
| Classification number | JX1977 |
| Item number | .A2 E/1986, etc. |
| 082 ## - DEWEY DECIMAL CLASSIFICATION NUMBER | |
| Classification number | 338.91 |
| Author mark and Year | MEA 1951 |
| 110 2# - MAIN ENTRY--CORPORATE NAME | |
| Corporate name or jurisdiction name as entry element | United Nations. |
| Subordinate unit | Department of Economic Affairs. |
| 245 10 - TITLE STATEMENT | |
| Title | Measures for the economic development of under-developed countries; |
| Remainder of title | report by a group of experts appointed by the Secretary-General of the United Nations / |
| 260 ## - PUBLICATION, DISTRIBUTION, ETC. (IMPRINT) | |
| Place of publication, distribution, etc | New York : |
| Date of publication, distribution, etc | 1951. |
| Name of publisher, distributor, etc | United Nations Department of Economic Affairs, |
| 300 ## - PHYSICAL DESCRIPTION | |
| Pagination | 113 p. |
| Dimensions | 23 cm. |
| 490 1# - SERIES STATEMENT | |
| Series statement | United Nations. [Document] E/1986, ST/ECA/10 |
| 500 ## - GENERAL NOTE | |
| General note | "United Nations publications. Sales no.: 1951.II.B.2." |
| 651 #0 - SUBJECT ADDED ENTRY--GEOGRAPHIC NAME | |
| Geographic name | Developing countries. |
| 942 ## - ADDED ENTRY ELEMENTS (KOHA) | |
| Source of classification or shelving scheme | Dewey Decimal Classification |
| Koha item type | Books |
| Source of classification or shelving scheme | Damaged status | Not for loan | Home library | Current library | Shelving location | Total Checkouts | Full call number | Barcode | Date last seen | Copy number | Koha item type |
|---|---|---|---|---|---|---|---|---|---|---|---|
| Dewey Decimal Classification | JCC Rouf Library | JCC Rouf Library | General Stacks | 338.91 MEA 1951 | 11257 | 04/19/2018 | C-1 | Books |